Sultan Ahmad Syah

Bibliographic Details
Main Author: Munir Ali
Format: Book
Published: Petaling Jaya : Hasrat Murni , 1996
Series:Siri Kesultanan Melaka
Subjects:

MARC

LEADER 00000cam a2200000 7i4500
001 0000008059
002 000008795
005 20000330.0
020 |a 9679710165 
090 0 0 |a JF   |b MUN 
100 1 |a Munir Ali 
245 1 0 |a Sultan Ahmad Syah   |c Munir Ali 
260 |a Petaling Jaya :   |b Hasrat Murni ,   |c 1996 
300 |a 42p. :   |b ill. ;   |c 18cm. 
490 0 |a Siri Kesultanan Melaka 
650 0 0 |a Children's stories, Malay 
999 |a 053319   |b BUKU   |c PINJAMAN   |e PERPUSTAKAAN KOMUNITI PETALING JAYA